Daň z príjmov fyzických osôb za rok 2000 (príjmy, ktoré netreba zdaniť)

Tri druhy príjmov, ktoré sa nemusia zdaňovať, t.j. s ktorými sa neuvažuje ani pri ročnom zúčtovaní preddavkov na daň z príjmov zo závislej činnosti, ani pri podaní daňových priznaní. Príjmy, ktoré nie sú predmetom dane. Príjmy od dane oslobodené. Osobitná sadzba dane.

Gespeichert in:
Bibliographische Detailangaben
1. Verfasser: Piršelová, Dagmar
Format: Buchkapitel
Sprache:Slowakisch
Schlagworte:
Tags: Tag hinzufügen
Keine Tags, Fügen Sie das erste Tag hinzu!

MARC

LEADER 00000naa a2200000 4500
001 r040421
005 20230926084227.8
041 0 |a slo 
044 |a SK 
245 1 0 |a Daň z príjmov fyzických osôb za rok 2000 (príjmy, ktoré netreba zdaniť)  |c Dagmar Piršelová 
520 |a Tri druhy príjmov, ktoré sa nemusia zdaňovať, t.j. s ktorými sa neuvažuje ani pri ročnom zúčtovaní preddavkov na daň z príjmov zo závislej činnosti, ani pri podaní daňových priznaní. Príjmy, ktoré nie sú predmetom dane. Príjmy od dane oslobodené. Osobitná sadzba dane. 
610 2 0 |a dane z príjmov 
610 2 0 |a osoby fyzické 
610 2 0 |a príjmy 
610 2 0 |a oslobodenie od daní 
610 2 0 |a sadzby daňové 
610 2 0 |a rezidenti 
610 2 0 |a 2000 
100 1 |a Piršelová, Dagmar